00766nai a2200181Ia 4500003000900000008004100009022002300050040001600073245006100089260008600150310001300236362002400249521006900273650004700342650004500389650005700434856009300491IN-BaIIA211028c9999 xx s 000 0 eng d a2687-7910 (Online) cIIA Library 0aIEEE Open Access Journal of Power and Energyh[eJournal] aNew York, USAbThe Institute of Electrical and Electronics Engineers, Inc. (IEEE) aAnnually a7(); 2020 - Present bSubscribed through National Knowledge Resource Consortium (NKRC) a Components, Circuits, Devices and Systems a Power, Energy and Industry Applications aCommunication, Networking and Broadcast Technologies uhttps://ieeexplore.ieee.org/servlet/opac?punumber=8784343yClick Here to Access eJournal